Desarrollo de competencias del docente universitario a través del Programa Intensivo internacional de logopedia (Record no. 174760)
[ view plain ]
| 000 -CABECERA | |
|---|---|
| campo de control de longitud fija | 01846nab a2200313 a 4500 |
| 005 - FECHA Y HORA DE LA ÚLTIMA TRANSACCIÓN | |
| campo de control | 20210219162349.0 |
| 008 - ELEMENTOS DE LONGITUD FIJA--INFORMACIÓN GENERAL | |
| campo de control de longitud fija | 991125s1985 mx 000 0 spa u |
| 035 ## - NÚMERO DE CONTROL DEL SISTEMA | |
| Número de control de sistema | UPN01000202659 |
| 049 ## - COLECCIÓN | |
| Colección | ART-E |
| 100 1# - ASIENTO PRINCIPAL--NOMBRE PERSONAL | |
| Nombre de persona | Peñalba Acitores, Alicia |
| 100 1# - ASIENTO PRINCIPAL--NOMBRE PERSONAL | |
| Nombre de persona | García Atarés, Natividad |
| 100 1# - ASIENTO PRINCIPAL--NOMBRE PERSONAL | |
| Nombre de persona | Jimeno Bulnes, Natalia |
| 100 1# - ASIENTO PRINCIPAL--NOMBRE PERSONAL | |
| Nombre de persona | Santiago Pardo, Rosa Belén |
| 222 #0 - TÍTULO CLAVE | |
| Título clave | AULA DE ENCUENTRO |
| 245 00 - MENCIÓN DE TÍTULO | |
| Título | Desarrollo de competencias del docente universitario a través del Programa Intensivo internacional de logopedia |
| 260 ## - PUBLICACIÓN, DISTRIBUCIÓN, ETC. | |
| Lugar de publicación, distribución, etc. | España |
| 300 ## - DESCRIPCIÓN FÍSICA | |
| Extensión | 35-52 |
| 362 0# - FECHAS DE PUBLICACIÓN Y/O DESIGNACIÓN SECUENCIAL | |
| Fecha de publicación y/o designación secuencial | 2014 Vol. 1, no. 16 |
| 336 ## - TIPO DE CONTENIDO | |
| Término de tipo de contenido | texto$2rdacontent |
| 337 ## - TIPO DE MEDIO | |
| Nombre/término del tipo de medio | computadora$2rdamedia |
| 338 ## - TIPO DE SOPORTE | |
| Nombre/término del tipo de soporte | recurso en linea$2rdacarrier |
| 520 3# - NOTA DE RESUMEN, ETC. | |
| Sumario, etc. | El Espacio Europeo de Educación Superior requiere que los docentes universitarios desarrollen una serie de competencias para poder abordar con éxito las exigencias de los nuevos planteamientos en materia docente de las actuales titulaciones. El grado de Logopedia de la Universidad de Valladolid participa en el Programa Intensivo (IP) desde hace 16 años. Este evento reúne a profesores y a estudiantes de la titulación de Logopedia de instituciones de diversos países, principalmente europeos, en torno a diversas actividades de formación relacionadas con la profesión. Este artículo aborda cómo el IP contribuye a desarrollar en los docentes varias competencias relacionadas con la materia, metodológicas, comunicativas, tecnológicas, interpersonales, evaluativas, institucionales y de investigación, en un contexto multicultural e internacional. |
| 653 0# - TERMINO DE INDIZACION - NO CONTROLADO | |
| Término no controlado | COMPETENCIAS DOCENTES |
| 653 0# - TERMINO DE INDIZACION - NO CONTROLADO | |
| Término no controlado | EDUCACION SUPERIOR |
| 653 0# - TERMINO DE INDIZACION - NO CONTROLADO | |
| Término no controlado | LOGOPEDIA |
| 856 4# - LOCALIZACIÓN Y ACCESO ELECTRÓNICOS | |
| Identificador Uniforme del Recurso | <a href="http://revistaselectronicas.ujaen.es/index.php/ADE/article/view/1289/1166">http://revistaselectronicas.ujaen.es/index.php/ADE/article/view/1289/1166</a> |
| 905 ## - TIPO DE MATERIAL | |
| Tipo de material | Articulo |
No items available.
